00422nam a2200157Ia 4500003000400000008004100004040001600045082001700061100002000078245005700098700001900155260004500174300000800219650001200227650002500239GCL140319s9999 xx 000 0 eng d aGCL / cGCL04a530.103bB I1 aGHALI, WAGDI R.10aINTRODUCTORY STATISCAL MECHANICS / cGHALI, WAGDI R.1 aTERRELL, PETER a[S.N] : bABT AKVERT SKIRA S.A ، c1992 a29004aSTATICS04aSTATISTICAL MACHINES